• 首页
  • 本馆介绍
  • 公告通知
  • 最新文献
  • 馆藏检索
  • 电子资源
  • 读者导购
  • 参考咨询
  • 我的图书馆
  • 登录
  • 详细信息显示
  • 放入我的书架
  • 预约/预借图书
  • 作者相关作品
  • 分类相关作品
  • 丛书相关作品
  • 出版社相关作品

书目信息

  • 表格格式
  • 工作单格式
  • 卡片格式
题名:
管理运筹学
    
 
作者: 谢家平 , 刘宇熹 编著
分册:  
出版信息: 北京   中国人民大学出版社  2014
页数: 277页
开本: 26cm
丛书名:
单 册:
中图分类: C931.1
科图分类:
主题词: 管理学--运筹学--教材 , 管理学 , 运筹学
电子资源:
ISBN: 978-7-300-18471-5
000 01132nam0 2200313 450
001 523
005 20140905095106.93
010    @a978-7-300-18471-5@dCNY35.00
100    @a20140224d2014 em y0chiy50 ea
101 0  @achi
102    @aCN@b110000
105    @ay z 000yy
106    @ar
200 1  @a管理运筹学@AGuan Li Yun Chou Xue@dOperations research for management@e管理科学方法@EGuan Li Ke Xue Fang Fa@f谢家平,刘宇熹编著@FXie Jia Ping, Liu Yu Xi Bian Zhu@zeng
205    @a2版
210    @a北京@c中国人民大学出版社@d2014
215    @a277页@d26cm
300    @a21世纪管理科学与工程系列教材
330    @a本书内容包括:线性规划、对偶规划、整数规划、目标规划、动态规划、网络分析、网络计划、库存控制、决策分析、对策理论、排队理论。
510 1  @aOperations research for management@zeng
517 1  @a管理科学方法@AGuan Li Ke Xue Fang Fa
606 0  @a管理学@x运筹学@j教材
606 0  @a管理学
606 0  @a运筹学
690    @aC931.1@v5
701  0 @a谢家平@AXie Jia Ping@f(1964~)@4编著
701  0 @a刘宇熹@ALiu Yu Xi@f(1977~)@4编著
801  0 @aCN@bTANGWEI@c20140603
905    @b0840998-1000@dC931.1@e483=2@f3
    
    管理运筹学=Operations research for management:管理科学方法/谢家平,刘宇熹编著.-2版.-北京:中国人民大学出版社,2014
    277页;26cm
    21世纪管理科学与工程系列教材
    
    ISBN 978-7-300-18471-5:CNY35.00
    本书内容包括:线性规划、对偶规划、整数规划、目标规划、动态规划、网络分析、网络计划、库存控制、决策分析、对策理论、排队理论。
●
相关链接 在E读中查询图书 在五车中查询图书 在当当中查询图书 在豆瓣中查询图书


正题名:管理运筹学     索取号:C931.1/483=2         预约/预借

序号 登录号 条形码 馆藏地/架位号 状态 备注
1 0840998   208409989   第一样本阅览室/ [索取号:C931.1/483=2] 在馆    
2 0840999   208409998   第一借阅区/ [索取号:C931.1/483=2] 在馆    
3 0841000   208410003   第一借阅区/ [索取号:C931.1/483=2] 在馆    
唐山师范学院图书馆 欢迎您!
大连网信软件有限公司© 版权所有